Statistics for Every NCAA Division I School in Washington

Click here to take the quiz!

General Stats

  • This quiz has been taken 13 times
  • The average score is 4 of 5

Answer Stats

AnswerConference% Correct
WashingtonPac-12
100%
Washington StatePac-12
100%
GonzagaWest Coast
77%
SeattleWAC
62%
Eastern WashingtonBig Sky
54%

Score Distribution

Percentile by Number Answered

Percent of People with Each Score

Your Score History

You have not taken this quiz